000 00543nam a2200193 i 4500
001 92009
003 ES-MaACL
005 20250813014534.0
007 t|
008 050316s1947 fr ||||1| fre d
080 _a821.133.1-31"17"
100 1 _aDiderot, Denis,
_d1713-1784
_944511
245 1 4 _aLes bijoux indiscrets /
_cDiderot ; illustrés par Clauss.
260 _aParis :
_bColbert,
_c1947.
300 _a282 p. ;
_c21 cm.
700 1 _aClauss.
_939101
852 _aES-MaACL
_jE-10833
_bR.135671
999 _c92009
_d92009